XXII International Conference on Chemical Reactors - Editorial; Chemical Engineering and Processing: Process Intensification; Vol. 122
| Parent link: | Chemical Engineering and Processing: Process Intensification Vol. 122.— 2017.— [P. 413-414] |
|---|---|
| Main Author: | |
| Corporate Author: | |
| Other Authors: | |
| Summary: | Title screen Режим доступа: по договору с организацией-держателем ресурса |
| Language: | English |
| Published: |
2017
|
| Subjects: | |
| Online Access: | https://doi.org/10.1016/j.cep.2017.11.006 |
| Format: | Electronic Book Chapter |
| KOHA link: | https://koha.lib.tpu.ru/cgi-bin/koha/opac-detail.pl?biblionumber=658015 |
MARC
| LEADER | 00000naa0a2200000 4500 | ||
|---|---|---|---|
| 001 | 658015 | ||
| 005 | 20250127141841.0 | ||
| 035 | |a (RuTPU)RU\TPU\network\25034 | ||
| 090 | |a 658015 | ||
| 100 | |a 20180507d2017 k||y0engy50 ba | ||
| 101 | 0 | |a eng | |
| 135 | |a drcn ---uucaa | ||
| 181 | 0 | |a i | |
| 182 | 0 | |a b | |
| 200 | 1 | |a XXII International Conference on Chemical Reactors - Editorial |f M. Coppens, A. N. Zagoruiko | |
| 203 | |a Text |c electronic | ||
| 300 | |a Title screen | ||
| 333 | |a Режим доступа: по договору с организацией-держателем ресурса | ||
| 461 | |t Chemical Engineering and Processing: Process Intensification | ||
| 463 | |t Vol. 122 |v [P. 413-414] |d 2017 | ||
| 610 | 1 | |a электронный ресурс | |
| 610 | 1 | |a труды учёных ТПУ | |
| 610 | 1 | |a конференции | |
| 610 | 1 | |a химические реакторы | |
| 700 | 1 | |a Coppens |b M. |g Marc-Olivier | |
| 701 | 1 | |a Zagoruiko |b A. N. |c Chemical Engineer |c Professor of Tomsk Polytechnic University, Doctor of technical sciences |f 1962- |g Andrey Nikolaevich |3 (RuTPU)RU\TPU\pers\33191 | |
| 712 | 0 | 2 | |a Национальный исследовательский Томский политехнический университет |b Инженерная школа природных ресурсов |b Отделение химической инженерии |3 (RuTPU)RU\TPU\col\23513 |
| 801 | 2 | |a RU |b 63413507 |c 20180507 |g RCR | |
| 856 | 4 | |u https://doi.org/10.1016/j.cep.2017.11.006 | |
| 942 | |c CF | ||